000 00264nam a2200109Ia 4500
008 190216s9999||||xx |||||||||||||| ||und||
100 _aNjekkad
245 0 _aManalchirakukal
260 _bSahithya Pravarthaka Sahakarana Sangam
650 _aKavithkal
942 _cBK
999 _c25909
_d25909